000 00339nam a2200133Ia 4500
008 230411s9999 xx 000 0 und d
041 _aeng
082 _aX/150/CHA/B04702
100 _aChandorkar AG
245 _aArt of Being a Winning Students
260 _bParas Publishing
_aHyderabad
_c2003
300 _a231p
999 _c155310
_d155310